000 01023nam a2200229Ia 4500
999 _c38468
_d38468
001 4480
003 GE_BSU
005 20190520153612.0
008 181216s1979||||ge |||||||||||||| ||geo||
040 _cGE_BSU
041 _ageo
080 _a539.1(076) ლ–13
245 _aლაბორატორიული პრაქტიკუმი ფიზიკაში.III : ნაწილი, მოლეკულური ფიზიკა /
_cშემდგ : ნ.შანიძე ; გ.ჩიმაკაძე ; მ.ობოლაძე ; რედ : მ.ძიძიგური .
264 _aთბილისი :
_bსპი,
_c1979.
300 _a147 გვ .:
_c20 სმ.
653 _aფიზიკა, მოლეკულური ფიზიკა
653 _aფიზიკა
700 _aჩიმაკაძე, გ
_91408
700 _aობოლაძე, მ
_91409
700 _aძიძიგური, მ
_eრედაქტორი
_9472
942 _cBK
_2udc